Les méchants de TVD - Statistiques

Statistiques générales
  • Ce quiz a été pris 38 fois
  • Le résultat moyen est 9 sur 20
Statistiques - réponses
Indice Réponse % Correct
S1 Vampire Homme Damon Salvatore
76%
S3 Originel Homme Klaus Mikaelson
72%
S2 Doppelganger Femme Katherine Pierce
72%
S2 Originel Homme Klaus Mikaelson
72%
S2 Originel Homme Elijah Mikaelson
64%
S4 Originel Homme Kol Mikaelson
64%
S3 Originel Femme Esther Mikaelson
60%
S3 Originel Homme Mikael Mikaelson
60%
S7 Armory Femme Alexandria St John
56%
S8 Siren Femme Sybil
52%
S4 The cure Homme Silas
48%
S5 The cure Homme Silas
48%
S8 Diable Homme Cade
44%
S6 Prison World Homme Kai Parker
36%
S1 Conseil Homme John Gilbert
32%
S8 Siren Femme Seline
32%
S7 Phoenix Stone Femme Rayna Cruz
16%
S5 Traveler Homme Markos
12%
S7 Dansampire Homme Julian
8%
S5 Augustine Homme Wes Maxfield
8%
Aucun quiz correspondant
Distribution des résultats
% des personnes avec chaque résultat
Percentile par nombre de réponses
Votre historique - résultats
Vous n’avez pas pris ce quiz